Pepitas de calabaza /

Bibliographic Details
Main Author: Encalada Vásquez, Oswaldo, 1955- (Author)
Other Authors: Rubio, Nicole (Illustrator)
Format: Electronic eBook
Language:Spanish
Published: Cuenca, Ecuador : Universidad del Azuay, Casa Editora : La Caja Mágica, [2023]
Series:Caja Mágica (Universidad del Azuay, Casa Editora)
Subjects:
Online Access:Digitalia Hispánica

MARC

LEADER 00000nam a2200000Ii 4500
001 DIGUAZUAY0196
003 NyNyDIG
006 m o d
007 cr |||||||||||
008 250103s2023 ec a o 000 j spa d
035 |a (OCoLC)1491108885 
040 |a DGITA  |b eng  |e rda  |e pn  |c DGITA 
020 |a 9789942618900  |q eBook 
020 |z 9789942618894 
050 1 4 |a PQ8220.15.N33 ebook 
100 1 |a Encalada Vásquez, Oswaldo,  |d 1955-  |e author. 
245 1 0 |a Pepitas de calabaza /  |c Oswaldo Encalada Vázquez ; ilustraciones de Nicole Rubio. 
264 1 |a Cuenca, Ecuador :  |b Universidad del Azuay, Casa Editora :  |b La Caja Mágica,  |c [2023] 
300 |a 1 online resource :  |b illustrations. 
336 |a still image  |b sti  |2 rdacontent 
337 |a computer  |b c  |2 rdamedia 
338 |a online resource  |b cr  |2 rdacarrier 
347 |a text file  |2 rdaft 
347 |b PDF 
588 0 |a Online resource; title from PDF title page (Digitalia, viewed January 3, 2025) 
655 7 |a Short stories.  |2 lcgft 
700 1 |a Rubio, Nicole,  |e illustrator. 
791 2 |a Digitalia (Firm),  |e distributor. 
793 0 |g Digitalia eBook Collection:  |a Universidad del Azuay 
776 0 8 |i Print version:  |a Encalada Vásquez, Oswaldo, 1955-  |t Pepitas de calabaza.  |d Cuenca, Ecuador : Universidad del Azuay, Casa Editora : La Caja Mágica, [2023]  |z 9789942618894 
830 0 |a Caja Mágica (Universidad del Azuay, Casa Editora) 
856 4 0 |3 Digitalia Hispánica  |u https://www.digitaliapublishing.com/a/133581/ 
910 |a Premium collection: 2025